000 00991nam a22003257a 4500
001 BR7502441
003 BR-BrBNA
005 20230928084735.0
007 ta
008 230509b bl.||||| |||| 00| 0 por d
040 _aBR-BrBNA
_bpor
_cBiblioteca Nacional de Agricultura
041 _a(Por)
072 _aE30; E10
_b2480
_b0311
_b0312
_b/G514
090 _ 2480 BR7502441
110 1 _aMissao SOCFINCO ao Brasil, Bruxelas (Belgium)
_97615
245 1 _aProposta para um projeto agro-industrial do Norte do Brasil [Borracha; Hevea spp; Coco; Cocos nucifera; Dende; Elaeis guineensis]
260 3 _aBruxelas (Belgium):
_c1975.
300 _a81 p.
500 _a9 illus.; 8 graphs; 10 tables
650 _aDesenvolvimento economico
650 _aMacroeconomia
650 _aBorracha
650 _aCoco
650 _aDende
650 _aDesenvolvimento industrial
650 _aIndustria agricola
650 _aNorte
909 _a202309
_bLucia
_c55
_dLucia Elande
942 _cBK
999 _c20820
_d20820